00473nam a2200181 a 4500008004100000020001500041050001500056100002200071245003700093260002900130300001700159350000900176490003300185650001800218650001800236650001200254700002500266120416s1982 ||||||||||||||||| || u a0091475015 aHT 170 Mic aGibson, Michael S13aAn introduction to urban renewal aLondonbHutchinsonc1982 a384p. : ill. a0.00 aThe Built environment series 0aURBAN RENEWAL 0aCITY PLANNING aHOUSING aLangstaff, Michael J